000 00390nam a22001337a 4500
005 20170127145148.0
008 170127b xxu||||| |||| 00| 0 eng d
050 _aBX1002.R45 1971
100 _aRoche, Jean
_928495
245 _aLiberte du chretien autorite de l'eglise
_cby Roche, Jean
260 _aFayard
_bPoints Chauds
_c1971
300 _a167p.;
_c22cm.
942 _2lcc
_cMONOGRAPH
999 _c126018
_d126018